Biblioteca

Color your world with natural church development : (Registro nro. 66862)

Detalles MARC
000 -LÍDER
Campo fijo de descripción fija 01488cam a2200421 i 4500
001 - NÚMERO DE CONTROL
Campo de control 768714001
003 - IDENTIFICADOR DEL NÚMERO DE CONTROL
Campo de control CO-MdFUSB
005 - FECHA Y HORA DE LA ULTIMA TRANSACCIÓN
control field 20220316125530.0
007 - CAMPO FIJO DE DESCRIPCIÓN FIJA--INFORMACIÓN GENERAL
Campo fijo de descripción fija ta
008 - ELEMENTOS DE LONGITUD FIJA -- INFORMACIÓN GENERAL
Campo fijo de descripción fija -- Información general 051202t2005 ilua 000 0 eng d
020 ## - NÚMERO INTERNACIONAL NORMALIZADO PARA LIBROS
Número Internacional Normalizado del libro 9781889638478
040 ## - FUENTE DE CATALOGACIÓN
Agencia de catalogación original BTA
Agencia que realiza la transcripción CO-MdFUSB
Agencia que realiza la modificación ITC
-- OCLCF
Idioma de catalogación spa
Convenciones de la descripción rda
041 ## - CÓDIGO DE IDIOMA
Código de idioma para texto/pista de sonido o título separado eng
082 ## - NÚMERO DE CLASIFICACIÓN DECIMAL DEWEY
Número de la edición del Dewey 23
Número de clasificación 254.5
Clave de autor-Numero de item SCH411
090 ## - SIGNATURA TOPOGRÁFICA LOCAL
Número de clasificación local BV652.25
100 1# - ASIENTO PRINCIPAL--NOMBRE PERSONAL
Nombre personal Schwarz, Christian A.
Término relacionador autor
245 10 - TÍTULO
Título del Material Color your world with natural church development :
Parte restante del título - Subtitulo experiencing all that God has designed you to be
Mención de responsabilidad, etc. / Christian A. Schwarz ; editado por Jon & Kathy Haley
246 ## - FORMA VARIANTE DEL TITULO
Título propiamente dicho/forma breve del título Natural church development.
264 #1 - PRODUCCIÓN, PUBLICACIÓN, DISTRIBUCIÓN, MANUFACTURA, Y COPYRIGHT
Lugar de producción, publicación, distribución, manufactura Estados Unidos :
Nombre del productor, publicador, distribuidor ChurchSmart Resources,
Fecha de producción, publicación, distribución, manufactura, o copyright [2005]
264 #4 - PRODUCCIÓN, PUBLICACIÓN, DISTRIBUCIÓN, MANUFACTURA, Y COPYRIGHT
Fecha de producción, publicación, distribución, manufactura, o copyright © 2005
300 ## - DESCRIPCIÓN FÍSICA
Extensión 191 páginas :
Otros detalles físicos ilustraciones a color ;
Dimensiones 24 cm.
336 ## - TIPO DE CONTENIDO
Fuente rdacontent
Término de tipo de contenido texto
Código de tipo de contenido txt
337 ## - TIPO DE MEDIO
Fuente rdamedia
Nombre del tipo de medio sin mediación
Código del tipo de medio n
338 ## - TIPO DE SOPORTE
Fuente rdacarrier
Nombre del tipo de soporte volumen
Código Tipo de soporte nc
505 ## - NOTA DE CONTENIDO
Nota de contenido con formato preestablecido Explore el segundo capítulo de NCD. -- La brújula trinitaria. -- Los principios. -- El factor mínimo. -- Las herramientas. -- Tu punto de partida
563 ## - NOTA DE ENCUADERNACIÓN
Nota de encuadernación Rústico
650 #0 - ASIENTO SECUNDARIO DE MATERIA - TERMINO TEMÁTICO
Término temático o nombre geográfico como elemento de entrada Church growth.
650 #0 - ASIENTO SECUNDARIO DE MATERIA - TERMINO TEMÁTICO
Término temático o nombre geográfico como elemento de entrada Church development, New.
650 #0 - ASIENTO SECUNDARIO DE MATERIA - TERMINO TEMÁTICO
Término temático o nombre geográfico como elemento de entrada Gifts, Spiritual.
653 ## - TÉRMINO DE INDIZACIÓN - NO CONTROLADO
Término no controlado Crecimiento de la iglesia.
653 ## - TÉRMINO DE INDIZACIÓN - NO CONTROLADO
Término no controlado Desarrollo de la Iglesia, Nueva
653 ## - TÉRMINO DE INDIZACIÓN - NO CONTROLADO
Término no controlado Dones espirituales.
700 ## - ASIENTO SECUNDARIO - NOMBRE PERSONAL
9 (RLIN) 5570
Nombre personal Haley, Kathy ‎
Responsabilidad editor
700 ## - ASIENTO SECUNDARIO - NOMBRE PERSONAL
9 (RLIN) 5571
Nombre personal Haley, John
Responsabilidad editor
942 ## - TIPO DE MATERIAL (KOHA)
Tipo de Item KOHA Libros General
945 ## - INFORMACIÓN LOCAL DEL REGISTRO
Catalogador JTF-925
Existencias
Estado de Material Estado de Perdido Forma de Clasificación Estado de Dañado No para Préstamo Colección Biblioteca de Origen Biblioteca Permanente Fecha de Adquisición Área Total de Préstamos Signatura Topográfica Código de Barras Última vez visto Ejemplar/Existencia Fecha de Remplazo Tipo de Material
    Dewey Decimal Classification     Colección General Biblioteca FUSBC Biblioteca FUSBC 26/08/2021 ECLESIOLOGÍA   G 254.5 SCH411c 4607 26/08/2021 Ej. 1 26/08/2021 Libros General

Biblioteca FUSBC | Teléfono: (57+4) 349 88 10 Ext. 141| WhatsApp (+57) 3005338115 
E-mail: biblioteca@unisbc.edu.co | Calle 76 87-14 Robledo Palenque, Medellín, Colombia

Con tecnología Koha